Quizzes
Events
Quiz Creation
Community
Videos
Private Events
Remove Ads
Sign In
Join for FREE
Feedback
Dark Mode
Quiz Categories
Sports
Geography
Music
Movies
Television
Just For Fun
Miscellaneous
History
Literature
Language
Science
Gaming
Entertainment
Religion
Holiday
For Kids
Quiz Lab
Recent
Popular Today
Quiz Kudos Today
Editor Picks
Curator Picks
Quizzes by...
Day
Popularity
Type
Ratings
Length
Year
Community
Subscriptions
Recent Discussions
Orange Saloon
Badges
Playlists
Quests
Create
Leaderboards
Showdown
Live 5
Trivia Bingo
Activity
Puzzle Library
Sporcle Events
Private Events
Virtual Trivia
Globe League
Become a Host
Pub Owners
SporcleCon
Opinionation
Our Games
Videos
Blog
Mobile Apps
Partnerships
Remove Ads and Go Orange
Feedback
Sports
Athletes
MLB
NBA
NHL
NFL
Soccer
Sports Teams
WWE
NCAA
Football
Premier League
Basketball
Baseball
Hockey
Golf
Tennis
Cricket
Rugby
Auto Racing
Olympics
World Cup
Sports
Athletes
MLB
NBA
NHL
NFL
Soccer
Sports Teams
WWE
NCAA
Football
Premier League
Basketball
Baseball
Hockey
Golf
Tennis
Cricket
Rugby
Auto Racing
Olympics
World Cup
Random Quiz
Search Sporcle
×
Quiz Lab
Quiz Lab
Sports
mode
Type in answers that appear in a list
Type in answers that appear in a list
Classic
Best Score? Go Orange.
Quiz week-end 6c Stats
Le quiz du week-end - Mode légende
By
SoFoot
10m
10 Questions
1,557 Plays
1,557 Plays
1,557 Plays
Comments
Comments
Give Quiz Kudos
Give Quiz Kudos
-
- Ratings
hide this ad
Replay
Link that replays current quiz
Next Quiz
Link to next quiz in quiz playlist
You Got
0%
They Got
Avg Score
23%
Avg Friend Score
Upgrade to see
Score Distribution
Jump to the score distribution portion of the page
Score
0/10
Timer
10:00
0
Plays Today
Intitulé
Réponse
% Correct
Il est déçu par sa note dans Fifa
Benjamin Mendy
83.4%
Le club le plus corrompu du monde selon Benfica TV
Marseille
53.6%
Record dans l’histoire du football, le nombre de matchs consécutifs dans lesquels le Real a marqué
73
45.5%
Il a planté son doublé contre Tianjin Quanjian
Anthony Modeste
19.2%
Il a marqué son premier but en Serie A avec la Lazio
Bastos
10.5%
Ce coach a été viré du Deportivo Alavès.
Luis Zubeldia
8.9%
Il a inscrit un doublé pour Bourg-
Péronnas contre Châteauroux
Julien Bègue
4.6%
Le nouveau record d’affluence pour un match de MLS.
70 425
3.5%
A 19 ans, il est le meilleur buteur du championnat ukrainien.
Viktor Tsyhankov
2.2%
La première buteuse de l’ère Corinne Diacre en Equipe de France féminine.
Geraldine Leyton
0.6%
Quiz Playlist
Details
Report
Send in Message
Add To Playlist
Classic:
Type in answers that appear in a list
Last Updated: Sep 18, 2017
Quiz Scoreboard
CHALLENGE
Sign Up to Join the Scoreboard
Show All
Scores
Hide
Comments
May contain spoilers
Recently Published
An Introduction to Baseball
by treessimontrees
Sports
5m
Movies - When Are They Set?
by FPL_Elf
Movies
5m
Popular People in 1961
by mucciniale
History
6m
More to Explore
Quiz From the Vault
Featured Blog Post
Where Did the Easter Bunny Come From?
hide this ad
You Might Also Like...
Tags
mode
Today's Top Quizzes in Sports
Browse Sports
hide this ad
Today's Top Quizzes in mode
Browse mode
Top Contributed Quizzes in Sports
1
Les meilleurs buteurs des matchs entre le PSG et l’OM
2
2022 World Cup Stars
3
FIFA Club World Cup Champions
4
Les entraîneurs de l'OM et du PSG au 21e siècle
5
Name the Premier League winners with different clubs
6
La finale Lions - Afrique du Sud 2021
7
Criteria MLB: Left Handed Sluggers
8
Les joueurs passés par le LOSC et le RC Lens
9
Players with Multiple 50 Home Run Seasons
10
MLB Players with Two .350 Batting Average Seasons
Explore More
Trending Topics
Harry Potter
Anime
Crossword
NBA
Disney
Marvel
Kpop
NFL
The Office
Puzzle
WWE
Soccer
Pokémon
Song
Country
hide this ad
More By:
SoFoot
Quiz
Plays
Rating
Category
Featured
Created
Joueurs de Ligue 1 qui ont gagné la C1
40,392
3.20
Sports
Aug 7, 2017
Vainqueurs C1 + Coupe du Monde
29,357
4.75
Sports
Apr 10, 2020
Français finale C1
26,211
5.00
Sports
Mar 29, 2020
Quiz Euro 2020 a
25,359
5.00
Sports
Jul 12, 2021
Les sponsors maillots cultes de Ligue 1
23,197
5.00
Sports
Apr 25, 2020
Go to Creator's Profile
Score Distribution
Quiz Creator Spotlight
SoFoot
Follow
Send a Message
Quizzes Created
-
Created Quiz Play Count
-
More By This Creator
Popular Quizzes Today
1
Find the Countries of Europe - No Outlines Minefield
2
Find the US States - No Outlines Minefield
3
The Countries of the World
4
Popular People in 1961
5
US States
6
1-10 Letter E Words III
7
Find the US States
8
One Thing in Common: World Cities II
More Sports Quizzes
Dodgers Cy Young Award Winners
Curator's Pick
Trending Quizzes
Risky Map Clicking: Least Populous States A-Z
1-10 Letter F Words
1-10 Letter G Words
One Thing in Common: United Kingdom
Risky Map Clicking: Next State Alphabetically
Recently Updated
Leaping Animals
pecheneg
Reality TV Shows (A-Z)
bhenderson79
Rickey Henderson's Hall of Fame Teammates
pecheneg
Champions League XIs: Arsenal
pecheneg
Quick Pick: Celebrities in WWE's Hall of Fame
aduchscher
A-Z Keypad Blitz II
pecheneg
Multiple Oscar Actors
pecheneg
Mystery Phrase Blitz: Oscar 'Best Actors'
pecheneg
F. Scott Fitzgerald Novels
LTH
Pick 3 Villains
ddd62291
Trending Topics
Kpop
Disney
Crossword
Anime
Marvel
NBA
Harry Potter
Song
Pokémon
The Office
Soccer
WWE
Country
NFL
Puzzle
Your Account Isn't Verified!
In order to create a playlist on Sporcle, you need to verify the email address you used during registration. Go to your
Sporcle Settings
to finish the process.
Report this User
Report this user for behavior that violates our
Community Guidelines
.
Details:
Send Report
Go to the Sporcle.com Mobile Site →
Comments